Rhine-Ruhr S-Bahn Stations on a Map - Statistics

General Stats
  • This quiz has been taken 199 times
  • The average score is 106 of 344
Answers on the Map
Answers color-coded by a green-red scale on the quiz's map according to % correct below.
 
Answer Stats
Hint Answer % Correct
S1 | S2 | S5 Dortmund Hbf
91%
S1 | S11 | S28 | +2 others Düsseldorf Hbf
91%
S1 | S2 | S3 | +2 others Essen Hbf
91%
S11 | S12 | S13 | S6 Köln Hbf
91%
S1 Duisburg Hbf
84%
S7 | S8 | S9 Wuppertal Hbf
83%
S1 Bochum Hbf
81%
S23 Bonn Hbf
74%
S1 Düsseldorf Flughafen ✈
71%
S5 | S8 | S9 Hagen Hbf
71%
S11 | S28 | S8 Neuss Hbf
70%
S2 Gelsenkirchen Hbf
69%
S11 | S6 Köln-Mülheim
68%
S1 | S7 Solingen Hbf
68%
S1 | S3 Mülheim Hbf
67%
S8 Mönchengladbach Hbf
65%
S11 | S12 | S13 | S6 Köln Messe/Deutz Hbf
63%
S3 Oberhausen Hbf
63%
S11 Düsseldorf Flughafen Terminal ✈
61%
S11 Bergisch Gladbach Hbf
58%
S11 | S28 | S8 Düsseldorf-Hamm
58%
S9 Marl-Hamm
58%
S2 Recklinghausen Hbf
58%
S2 Herne
52%
S4 Unna
52%
S9 Bottrop Hbf
51%
S7 Remscheid Hbf
49%
S7 | S8 | S9 Wuppertal-Oberbarmen
49%
S5 Witten Hbf
46%
S1 | S11 | S6 Düsseldorf Zoo
45%
S1 Wattenscheid-Höntrop
44%
S12 | S13 Köln-Ehrenfeld
43%
S8 | S9 Wuppertal Zoologischer Garten
43%
S3 Hattingen
42%
S1 Bochum-Ehrenfeld
41%
S11 Dormagen
41%
S13 Düren Hbf
41%
S13 Köln/Bonn Flughafen ✈
41%
S12 | S13 Troisdorf
41%
S7 | S8 | S9 Wuppertal-Barmen
41%
S12 Siegburg/Bonn
39%
S8 | S9 Wuppertal-Vohwinkel
38%
S1 | S3 | S9 Essen-Steele
37%
S1 | S3 | S9 Essen West
37%
S1 Hilden
37%
S6 Langenfeld
37%
S6 Leverkusen Mitte
37%
S7 | S8 | S9 Wuppertal-Unterbarmen
37%
S2 Castrop-Rauxel Hbf
36%
S28 Kaarster Bahnhof
36%
S11 | S12 | S13 | S6 Köln Hansaring
36%
S9 Haltern am See
35%
S2 Wanne-Eickel Hbf
35%
S1 Dortmund Universität
34%
S11 | S28 | S8 Düsseldorf-Bilk
34%
S28 Mettmann Stadtwald
34%
S1 | S2 | S4 Dortmund-Dorstfeld
33%
S23 Euskirchen
33%
S12 Au (Sieg) Hbf
31%
S1 | S3 Mülheim-Styrum
31%
S6 Düsseldorf-Benrath
30%
S1 | S6 Düsseldorf-Oberbilk
30%
S6 Düsseldorf-Rath
30%
S1 | S11 Düsseldorf-Unterrath
30%
S1 | S11 Düsseldorf-Wehrhahn
30%
S6 Düsseldorf Wehrhahn
30%
S6 Kettwig
30%
S11 | S6 Köln-Chorweiler
30%
S11 | S6 Köln-Nippes Hbf
30%
S4 Dortmund-Lütgendortmund
29%
S8 Erkrath
29%
S12 Porz
29%
S8 | S9 Schwelm
29%
S1 Bochum-Langendreer
28%
S1 Düsseldorf-Angermund
28%
S1 | S11 | S6 Düsseldorf-Derendorf
28%
S6 Essen-Werden
28%
S28 Kaarster See
28%
S1 | S3 Essen-Steele Ost
27%
S12 Hennef
27%
S12 Hennef im Siegbogen
27%
S11 Dormagen Chempark
26%
S5 Wetter
26%
S11 | S6 Köln-Worringen
25%
S6 Leverkusen Chempark
25%
S1 Düsseldorf-Eller
24%
S11 | S28 | S8 Düsseldorf-Friedrichstadt
24%
S6 Essen Süd
24%
S12 | S13 Frechen-Königsdorf
24%
S3 Hattingen Mitte
24%
S6 Ratingen Ost
24%
S1 Dortmund-Dorstfeld Süd
23%
S1 Dortmund-Kley
23%
S1 Dortmund-Oespel
23%
S4 Dortmund-Wickede
23%
S1 Duisburg-Großenbaum
23%
S1 Duisburg Schlenk
23%
S6 Düsseldorf-Eller Süd
23%
S28 | S8 Düsseldorf-Flingern
23%
S6 Düsseldorf-Garath
23%
S11 | S28 | S8 Düsseldorf Völklinger Straße
23%
S1 Essen-Eiberg
23%
S1 | S3 Essen-Frohnhausen
23%
S12 | S13 Köln-Müngersdorf/Technologiepark
23%
S11 | S28 | S8 Neuss Am Kaiser
23%
S11 | S28 | S8 Neuss Rheinparkcenter
23%
S1 Bochum-Langendreer West
22%
S4 Dortmund West
22%
S1 Duisburg-Buchholz
22%
S1 Duisburg-Rahm
22%
S1 Düsseldorf-Eller Mitte
22%
S6 Düsseldorf-Rath Mitte
22%
S2 Essen-Kray Nord
22%
S6 Essen Stadtwald
22%
S9 Gevelsberg
22%
S8 Gevelsberg Hbf
22%
S12 | S13 Horrem
22%
S8 Korschenbroich
22%
S11 Neuss Norf
22%
S7 Remscheid-Lennep
22%
S3 Bochum-Dahlhausen
21%
S8 Büttgen
21%
S2 Dortmund-Mengede
21%
S1 | S6 Düsseldorf Volksgarten
21%
S8 Gruiten
21%
S28 Kaarst IKEA
21%
S11 Neuss Süd
21%
S1 Solingen Vogelpark
21%
S4 Dortmund Stadthaus
20%
S28 | S8 Düsseldorf-Gerresheim
20%
S9 Essen-Kupferdreh
20%
S11 Köln-Dellbrück
20%
S3 Mülheim West
20%
S23 Rheinbach
20%
S7 Solingen Mitte
20%
S4 Unna-Königsborn
20%
S6 Düsseldorf-Reisholz
19%
S9 Essen-Borbeck
19%
S6 Essen-Hügel
19%
S5 Hagen-Vorhalle
19%
S1 Hilden Süd
19%
S8 Hochdahl
19%
S6 Kettwig Stausee
19%
S11 | S6 Köln-Longerich
19%
S8 | S9 Wuppertal-Steinbeck
19%
S4 Dortmund Möllerbrücke
18%
S11 | S6 Köln-Buchforst
18%
S11 | S6 Köln-Chorweiler Nord
18%
S12 | S13 Porz-Wahn
18%
S9 Velbert-Neviges
18%
S8 | S9 Wuppertal-Sonnborn
18%
S9 Bottrop-Boy
17%
S4 Dortmund-Brackel
17%
S2 Dortmund-Westerfilde
17%
S6 Düsseldorf-Hellerhof
17%
S28 Erkrath Nord
17%
S8 | S9 Gevelsberg-Knapp
17%
S8 Hochdahl-Millrath
17%
S6 Hösel
17%
S13 Köln-Frankfurter Straße
17%
S11 Köln-Holweide
17%
S12 | S13 Köln-Trimbornstraße
17%
S6 Langenfeld-Berghausen
17%
S28 Mettmann Zentrum
17%
S28 Neanderthal
17%
S11 Neuss Allerheiligen
17%
S2 Recklinghausen Süd
17%
S8 | S9 Schwelm West
17%
S12 | S13 Spich
17%
S4 Unna West
17%
S7 Wuppertal-Ronsdorf
17%
S5 Dortmund-Barop
16%
S4 Dortmund Knappschaftskrankenhaus
16%
S2 Dortmund-Nette/Östrich
16%
S3 Essen-Horst
16%
S9 Gelsenkirchen-Buer Nord
16%
S2 Gelsenkirchen-Rotthausen
16%
S28 Kaarst Mitte/Holzbüttgen
16%
S8 Kleinenbroich
16%
S12 | S13 Köln-Weiden West
16%
S6 Leverkusen-Küppersteg
16%
S6 Leverkusen-Rheindorf
16%
S7 Solingen Grünewald
16%
S9 Velbert-Langenberg
16%
S5 Witten-Annen Nord
16%
S9 Wülfrath-Aprath
16%
S8 | S9 Wuppertal-Langerfeld
16%
S12 Blankenberg
15%
S4 Dortmund-Germania
15%
S2 Dortmund-Huckarde
15%
S4 Dortmund-Marten Süd
15%
S2 Dortmund-Wischlingen
15%
S9 Essen-Gerschede
15%
S9 Essen-Überruhr
15%
S8 | S9 Gevelsberg-Kipp
15%
S8 | S9 Gevelsberg West
15%
S9 Gladbeck West
15%
S6 Köln-Stammheim
15%
S9 Marl Mitte
15%
S4 Massen
15%
S7 Remscheid-Lüttringhausen
15%
S11 Bergisch Gladbach-Duckterath
14%
S4 Dortmund-Körne
14%
S5 Dortmund-Kruckel
14%
S4 Dortmund-Wickede West
14%
S9 Essen-Dellwig Ost
14%
S9 Essen-Holthausen
14%
S12 Köln-Airport Business Park
14%
S11 | S6 Köln Geldernstraße/Parkgürtel
14%
S12 | S13 Köln-Lövenich
14%
S7 Remscheid-Güldenwerth
14%
S13 Sindorf
14%
S11 Dormagen-Nievenheim
13%
S4 Dortmund-Asseln Mitte
13%
S4 Dortmund-Körne West
13%
S4 Dortmund-Somborn
13%
S9 Essen-Borbeck Süd
13%
S8 | S9 Hagen-Westerbauer
13%
S11 | S6 Köln-Blumenberg
13%
S23 Meckenheim
13%
S13 Merzenich
13%
S8 Mönchengladbach-Lürrip
13%
S7 Solingen-Schaberg
13%
S9 Velbert-Rosenhügel
13%
S13 Buir
12%
S12 Eitorf
12%
S8 | S9 Hagen-Heubing
12%
S8 | S9 Hagen-Wehringhausen
12%
S11 | S6 Köln-Volkhovener Weg
12%
S23 Bonn-Duisdorf
11%
S9 Gelsenkirchen-Hassel
11%
S12 Köln-Steinstraße
11%
S9 Velbert-Nierenhof
11%
S12 Herchen
10%
S12 Merten
10%
S12 Schladern
10%
S23 Swisttal-Odendorf
10%
S23 Bonn-Endenich Nord
9%
S12 Dattenfeld
9%
S12 Rosbach
9%
S23 Alfter-Impekoven
8%
S23 Alfter-Witterschlick
8%
S23 Bonn-Helmholtzstraße
8%
S23 Euskirchen-Kuchenheim
8%
S23 Meckenheim Industriepark
7%
S23 Meckenheim-Kottenforst
7%
S23 Rheinbach Römerkanal
7%
No matching quizzes found
Score Distribution
Percent of People with Each Score
Percentile by Number Answered
Your Score History
You have not taken this quiz